000 00425nam a2200181Ia 4500
001 22720
005 20260414150849.0
008 260414t2013||||xx |||||||||||||| ||spa||
041 _aESP
082 _a621.385
_bB179
100 _aBryant, Russell
_eAUT
245 0 _aAsterisk the :
_b definitive guide
260 _c2013
300 _a806 páginas :
_c\N
650 _aTCA
654 _aCET
942 _cLIB
_dJUS
_fJUS
_2ddc
_n
999 _c22720
_d22720